Cantos a la muerte / (Record no. 98101)

MARC details
000 -LEADER
campo de control de longitud fija 00562nam a2200193 i 4500
001 - NÚMERO DE CONTROL
campo de control 98101
003 - IDENTIFICADOR DE NÚMERO DE CONTROL
campo de control ES-MaACL
005 - FECHA Y HORA DE LA ÚLTIMA TRANSACCIÓN
campo de control 20240421063021.0
007 - CAMPO FIJO DE DESCRIPCIÓN FÍSICA--INFORMACIÓN GENERAL
campo de control de longitud fija t|
008 - DATOS DE LONGITUD FIJA--INFORMACIÓN GENERAL
campo de control de longitud fija 050722s1978 sp ||||1| spa d
100 1# - ENTRADA PRINCIPAL--NOMBRE DE PERSONA
Nombre de persona Marrodán, Mario Ángel,
Fechas asociadas al nombre 1932-2005
9 (RLIN) 77080
245 10 - MENCIÓN DEL TÍTULO
Título Cantos a la muerte /
Mención de responsabilidad, etc. Mario Angel Marrodán.
260 ## - PUBLICACIÓN, DISTRIBUCIÓN, ETC.
Lugar de publicación, distribución, etc. Valladolid :
Nombre del editor, distribuidor, etc. Sever Cuesta,
Fecha de publicación, distribución, etc. 1978.
300 ## - DESCRIPCIÓN FÍSICA
Extensión 105 p. ;
Dimensiones 22 cm.
490 1# - MENCIÓN DE SERIE
Mención de serie Roca caliza ;
Designación de volumen o secuencia 4
830 0# - PUNTO DE ACCESO ADICIONAL DE SERIE-TÍTULO UNIFORME
Título uniforme Roca caliza ;
Designación de volumen o secuencia 4
9 (RLIN) 184454
852 ## - LOCALIZACIÓN
Ubicación ES-MaACL
Número de control de estantería A-9736
Sublocalización o colección R.98564
Holdings
Estatus retirado Estado de pérdida Estado de daño No para préstamo Biblioteca de origen Biblioteca actual Ubicación en estantería Fecha de adquisición Fuente de adquisición Total de préstamos Signatura topográfica completa Código de barras Visto por última vez Precio de reemplazo Tipo de ítem Koha
        Biblioteca del Ateneo de Madrid Biblioteca del Ateneo de Madrid Depósito 1 17/01/2008     A-9736 1102407 23/02/2023 23/02/2023 Libro impreso